000 00608nam a2200193 i 4500
001 45983
003 ES-MaACL
005 20230906161317.0
007 t|
008 030327s1955 sp ||||1| spa d
100 1 _aConde Gargallo, Enrique.
_940120
245 1 0 _aDiabetes
_b: (algunos problemas médico-sociales) /
_cEnrique Conde Gargallo.
260 _aMadrid :
_b[s.n.],
_c1955 (
_fGráf. González)
300 _a99 p. ;
_c19 cm.
490 1 _aColección folletos para médicos
830 0 _aColección folletos para médicos
_9182080
852 _aES-MaACL
_j1982-F-1
_bR.37354
999 _c45983
_d45983